| 000 | 00915nam a2200181Ia 4500 | ||
|---|---|---|---|
| 008 | 100920s9999 xx 000 0 und d | ||
| 082 |
_b73531 _a200 थ 97 |
||
| 100 | _aसंकलक-वर्टीकर मनोहर. | ||
| 245 | _aश्री ब्रह्मचैतन्य महाराज गोंदवलेकर यांची अमृतवाणी. | ||
| 260 |
_bचैतन्योपासना, गोंदवले. _c1997 |
||
| 300 |
_a193 _bसाधी |
||
| 365 | _b30 | ||
| 520 | _aधार्मिक. | ||
| 630 | _aश्री ब्रह्मचैतन्य महाराज गोंदवलेकर यांची अमृतवाणी. | ||
| 650 | _aधार्मिक. | ||
| 730 | _aश्री ब्रह्मचैतन्य महाराज गोंदवलेकर यांची अमृतवाणी. | ||
| 942 | _cBOOK | ||
| 999 |
_c715193 _d715190 |
||